<?xml version="1.0" encoding="UTF-8"?>
<record
    xmlns:xsi="http://www.w3.org/2001/XMLSchema-instance"
    xsi:schemaLocation="http://www.loc.gov/MARC21/slim http://www.loc.gov/standards/marcxml/schema/MARC21slim.xsd"
    xmlns="http://www.loc.gov/MARC21/slim">

  <leader>02546ncm0a2200421   4500</leader>
  <controlfield tag="001">RU\NLR\ONIZ\224944</controlfield>
  <controlfield tag="005">20250626152822.0</controlfield>
  <datafield tag="013" ind1=" " ind2=" ">
    <subfield code="a">979-0-66004-806-1</subfield>
  </datafield>
  <datafield tag="035" ind1=" " ind2=" ">
    <subfield code="a">RU\NLR\ONIZ\natafirs\5000002991\20190205102419</subfield>
  </datafield>
  <datafield tag="035" ind1=" " ind2=" ">
    <subfield code="a">(NLR Aleph) 011931071</subfield>
  </datafield>
  <datafield tag="071" ind1="2" ind2="0">
    <subfield code="a">&#x441; 3207 &#x43A;</subfield>
  </datafield>
  <datafield tag="090" ind1=" " ind2=" ">
    <subfield code="a">11039085</subfield>
    <subfield code="c">11039085</subfield>
  </datafield>
  <datafield tag="100" ind1=" " ind2=" ">
    <subfield code="a">20190205d2002    |||y0rusy50      ca</subfield>
  </datafield>
  <datafield tag="101" ind1="0" ind2=" ">
    <subfield code="a">rus</subfield>
  </datafield>
  <datafield tag="102" ind1=" " ind2=" ">
    <subfield code="a">RU</subfield>
  </datafield>
  <datafield tag="125" ind1=" " ind2=" ">
    <subfield code="a">ay</subfield>
  </datafield>
  <datafield tag="128" ind1=" " ind2=" ">
    <subfield code="a">ct </subfield>
  </datafield>
  <datafield tag="145" ind1="0" ind2=" ">
    <subfield code="a">c</subfield>
  </datafield>
  <datafield tag="200" ind1="1" ind2=" ">
    <subfield code="a">&#x41C;&#x438;&#x440; &#x433;&#x43B;&#x430;&#x437;&#x430;&#x43C;&#x438; &#x434;&#x435;&#x442;&#x435;&#x439;</subfield>
    <subfield code="b">&#x41D;&#x43E;&#x442;&#x44B;</subfield>
    <subfield code="e">&#x43A;&#x430;&#x43D;&#x442;&#x430;&#x442;&#x430; &#x434;&#x43B;&#x44F; &#x434;&#x435;&#x442;&#x441;&#x43A;&#x43E;&#x433;&#x43E; &#x445;&#x43E;&#x440;&#x430; &#x438; &#x43A;&#x430;&#x43C;&#x435;&#x440;&#x43D;&#x43E;&#x433;&#x43E; &#x43E;&#x440;&#x43A;&#x435;&#x441;&#x442;&#x440;&#x430;</subfield>
    <subfield code="f">&#x416;. &#x41B;. &#x41C;&#x435;&#x442;&#x430;&#x43B;&#x43B;&#x438;&#x434;&#x438;</subfield>
    <subfield code="g">&#x43F;&#x435;&#x440;&#x435;&#x43B;&#x43E;&#x436;. &#x434;&#x43B;&#x44F; [&#x445;&#x43E;&#x440;&#x430;] &#x438; &#x444;&#x43F;. &#x430;&#x432;&#x442;.</subfield>
  </datafield>
  <datafield tag="210" ind1=" " ind2=" ">
    <subfield code="a">&#x421;&#x430;&#x43D;&#x43A;&#x442;-&#x41F;&#x435;&#x442;&#x435;&#x440;&#x431;&#x443;&#x440;&#x433;</subfield>
    <subfield code="c">&#x41A;&#x43E;&#x43C;&#x43F;&#x43E;&#x437;&#x438;&#x442;&#x43E;&#x440; - &#x421;&#x430;&#x43D;&#x43A;&#x442;-&#x41F;&#x435;&#x442;&#x435;&#x440;&#x431;&#x443;&#x440;&#x433;</subfield>
    <subfield code="d">2002</subfield>
  </datafield>
  <datafield tag="215" ind1=" " ind2=" ">
    <subfield code="a">27 &#x441;.</subfield>
    <subfield code="c">&#x438;&#x43B;.</subfield>
    <subfield code="d">29 &#x441;&#x43C;</subfield>
  </datafield>
  <datafield tag="300" ind1=" " ind2=" ">
    <subfield code="a">&#x421;&#x442;&#x438;&#x445;&#x438; &#x41D;. &#x423;&#x441;&#x43F;&#x435;&#x43D;&#x441;&#x43A;&#x43E;&#x439;, &#x422;. &#x41F;&#x440;&#x430;&#x432;&#x434;&#x438;&#x43D;&#x43E;&#x439;, &#x418;. &#x410;&#x43D;&#x442;&#x43E;&#x43D;&#x43E;&#x432;&#x43E;&#x439;, &#x418;. &#x41C;&#x430;&#x43A;&#x441;&#x438;&#x43C;&#x43E;&#x432;&#x43E;&#x439;, &#x41D;. &#x422;&#x440;&#x443;&#x431;&#x438;&#x43D;&#x43E;&#x439;, &#x412;. &#x411;&#x435;&#x43B;&#x43E;&#x432;&#x430;, &#x41A;. &#x418;&#x432;&#x430;&#x43D;&#x43E;&#x432;&#x43E;&#x439;, &#x418;. &#x416;&#x443;&#x43A;&#x43E;&#x432;&#x43E;&#x439;, &#x415;. &#x42E;&#x434;&#x438;&#x43D;&#x430;, &#x41C;. &#x41F;&#x43E;&#x434;&#x445;&#x432;&#x430;&#x442;&#x430;&#x43B;&#x438;&#x43D;&#x43E;&#x439;</subfield>
  </datafield>
  <datafield tag="313" ind1=" " ind2=" ">
    <subfield code="a">&#x421;&#x438;&#x441;&#x442;&#x435;&#x43C;&#x430;&#x442;&#x438;&#x437;&#x430;&#x446;&#x438;&#x44F; &#x434;&#x43E;&#x43A;&#x443;&#x43C;&#x435;&#x43D;&#x442;&#x430; &#x43F;&#x440;&#x43E;&#x432;&#x435;&#x434;&#x435;&#x43D;&#x430; &#x43F;&#x43E; &#x438;&#x437;&#x434;&#x430;&#x43D;&#x438;&#x44E; - &#x41C;&#x435;&#x442;&#x43E;&#x434;&#x438;&#x43A;&#x430; &#x43A;&#x43B;&#x430;&#x441;&#x441;&#x438;&#x444;&#x438;&#x446;&#x438;&#x440;&#x43E;&#x432;&#x430;&#x43D;&#x438;&#x44F; &#x43C;&#x443;&#x437;&#x44B;&#x43A;&#x430;&#x43B;&#x44C;&#x43D;&#x44B;&#x445; &#x43F;&#x440;&#x43E;&#x438;&#x437;&#x432;&#x435;&#x434;&#x435;&#x43D;&#x438;&#x439; (&#x43D;&#x43E;&#x442;&#x43D;&#x44B;&#x445; &#x438;&#x437;&#x434;&#x430;&#x43D;&#x438;&#x439;) &#x43F;&#x43E; &#x442;&#x430;&#x431;&#x43B;&#x438;&#x446;&#x430;&#x43C; &#x411;&#x438;&#x431;&#x43B;&#x438;&#x43E;&#x442;&#x435;&#x447;&#x43D;&#x43E;-&#x431;&#x438;&#x431;&#x43B;&#x438;&#x43E;&#x433;&#x440;&#x430;&#x444;&#x438;&#x447;&#x435;&#x441;&#x43A;&#x438;&#x445; &#x43A;&#x43B;&#x430;&#x441;&#x441;&#x438;&#x444;&#x438;&#x43A;&#x430;&#x446;&#x438;&#x439; : &#x43C;&#x435;&#x442;&#x43E;&#x434;. &#x440;&#x435;&#x43A;&#x43E;&#x43C;&#x435;&#x43D;&#x434;&#x430;&#x446;&#x438;&#x438; / &#x413;&#x43E;&#x441;. &#x431;-&#x43A;&#x430; &#x421;&#x421;&#x421;&#x420; &#x438;&#x43C;. &#x412;.&#x418;. &#x41B;&#x435;&#x43D;&#x438;&#x43D;&#x430;.- &#x41C;., 1977. &#x418;&#x43D;&#x434;&#x435;&#x43A;&#x441;&#x443; &#x411;&#x411;&#x41A; &#x43C;&#x435;&#x442;&#x43E;&#x434;&#x438;&#x447;&#x435;&#x441;&#x43A;&#x438;&#x445; &#x440;&#x435;&#x43A;&#x43E;&#x43C;&#x435;&#x43D;&#x434;&#x430;&#x446;&#x438;&#x439; &#x43F;&#x440;&#x438;&#x441;&#x432;&#x430;&#x438;&#x432;&#x430;&#x435;&#x442;&#x441;&#x44F; &#x43A;&#x43E;&#x434; &#x411;&#x411;&#x41A; &#x434;&#x43B;&#x44F; &#x43D;&#x430;&#x443;&#x447;&#x43D;&#x44B;&#x445; &#x431;&#x438;&#x431;&#x43B;&#x438;&#x43E;&#x442;&#x435;&#x43A; - LBC/SL</subfield>
  </datafield>
  <datafield tag="327" ind1="1" ind2=" ">
    <subfield code="a">1. &#x423;&#x442;&#x440;&#x43E; ; 2. &#x427;&#x442;&#x43E; &#x43C;&#x44B; &#x434;&#x443;&#x43C;&#x430;&#x435;&#x43C; &#x43E; &#x43C;&#x438;&#x440;&#x435; ; 3. &#x423;&#x445;&#x43E;&#x434;&#x438;&#x442; &#x434;&#x435;&#x442;&#x441;&#x442;&#x432;&#x43E; ; 4. &#x421;&#x43A;&#x43E;&#x43B;&#x44C;&#x43A;&#x43E; &#x434;&#x43D;&#x435;&#x439;!</subfield>
  </datafield>
  <datafield tag="606" ind1="1" ind2=" ">
    <subfield code="a">&#x41C;&#x443;&#x437;&#x44B;&#x43A;&#x430; &#x434;&#x43B;&#x44F; &#x434;&#x435;&#x442;&#x441;&#x43A;&#x43E;&#x433;&#x43E; &#x445;&#x43E;&#x440;&#x430;</subfield>
    <subfield code="y">&#x420;&#x43E;&#x441;&#x441;&#x438;&#x44F;</subfield>
    <subfield code="z">20-21 &#x432;&#x432;.</subfield>
    <subfield code="2">nlr_sh</subfield>
  </datafield>
  <datafield tag="606" ind1="1" ind2=" ">
    <subfield code="a">&#x41A;&#x430;&#x43D;&#x442;&#x430;&#x442;&#x44B; &#x434;&#x43B;&#x44F; &#x434;&#x435;&#x442;&#x441;&#x43A;&#x43E;&#x433;&#x43E; &#x445;&#x43E;&#x440;&#x430;</subfield>
    <subfield code="2">nlr_sh</subfield>
  </datafield>
  <datafield tag="686" ind1=" " ind2=" ">
    <subfield code="a">&#x429;963.8(2&#x420;=&#x420;&#x443;&#x441;)&#x424;&#x43F;</subfield>
    <subfield code="v">LBC/SL</subfield>
    <subfield code="2">rubbk</subfield>
  </datafield>
  <datafield tag="686" ind1=" " ind2=" ">
    <subfield code="a">&#x429;986(2&#x420;=&#x420;&#x443;&#x441;)&#x424;&#x43F;</subfield>
    <subfield code="v">LBC/SL</subfield>
    <subfield code="2">rubbk</subfield>
  </datafield>
  <datafield tag="700" ind1=" " ind2="1">
    <subfield code="9">z01790</subfield>
    <subfield code="a">&#x41C;&#x435;&#x442;&#x430;&#x43B;&#x43B;&#x438;&#x434;&#x438;</subfield>
    <subfield code="b">&#x416;. &#x41B;.</subfield>
    <subfield code="f">1934 -</subfield>
    <subfield code="g">&#x416;&#x430;&#x43D;&#x43D;&#x44D;&#x442;&#x430; (&#x416;&#x430;&#x43D;&#x43D;&#x430;) &#x41B;&#x430;&#x437;&#x430;&#x440;&#x435;&#x432;&#x43D;&#x430;</subfield>
    <subfield code="4">230</subfield>
    <subfield code="4">030</subfield>
    <subfield code="7">ca</subfield>
  </datafield>
  <datafield tag="790" ind1=" " ind2="1">
    <subfield code="9">z01700</subfield>
    <subfield code="a">Metallidi</subfield>
    <subfield code="b">&#x17D;. (. L.</subfield>
    <subfield code="f">1934 -</subfield>
    <subfield code="g">&#x17D;anneta (&#x17D;anna) Lazarevna</subfield>
    <subfield code="4">230</subfield>
    <subfield code="4">030</subfield>
    <subfield code="7">ba</subfield>
  </datafield>
  <datafield tag="801" ind1=" " ind2="0">
    <subfield code="a">RU</subfield>
    <subfield code="b">NLR</subfield>
    <subfield code="c">20190205</subfield>
    <subfield code="g">PSBO</subfield>
  </datafield>
  <datafield tag="801" ind1=" " ind2="1">
    <subfield code="a">RU</subfield>
    <subfield code="b">NLR</subfield>
    <subfield code="c">20190205</subfield>
    <subfield code="2">rusmarc</subfield>
  </datafield>
  <datafield tag="801" ind1=" " ind2="2">
    <subfield code="a">RU</subfield>
    <subfield code="b">NLR</subfield>
    <subfield code="c">20190318</subfield>
  </datafield>
  <datafield tag="852" ind1=" " ind2=" ">
    <subfield code="a">NLR</subfield>
    <subfield code="b">&#x41C;</subfield>
    <subfield code="j">&#x41A;-3/29778</subfield>
    <subfield code="p">268026</subfield>
    <subfield code="t">1</subfield>
  </datafield>
  <datafield tag="942" ind1=" " ind2=" ">
    <subfield code="c">SCORE</subfield>
  </datafield>
  <datafield tag="980" ind1=" " ind2=" ">
    <subfield code="a">NB</subfield>
  </datafield>
  <datafield tag="980" ind1=" " ind2=" ">
    <subfield code="a">ONIZ</subfield>
  </datafield>
  <datafield tag="995" ind1=" " ind2=" ">
    <subfield code="5">2019-02-05</subfield>
    <subfield code="b">NLR01</subfield>
    <subfield code="c">NLR01</subfield>
    <subfield code="e">ONIZ</subfield>
    <subfield code="k">&#x41A;-3/29778 &#x41A;-3/29778</subfield>
    <subfield code="o">0</subfield>
    <subfield code="r">SCORE</subfield>
    <subfield code="s">329778_329778</subfield>
  </datafield>
</record>
